000 00382nam a22001217a 4500
999 _c2078
_d2078
005 20200908150627.0
008 200908b ||||| |||| 00| 0 eng d
020 _a521060168
040 _cCML
245 _aThe Nature and Art of Workmanship.
_cPye, D.
260 _aGreat Britain
_bCambridge University Printing House
_c1968
942 _2ddc
_cBK
_e1st Edition
_h745
_mPYE